000 00657cab a2200217 4500
001 WB3204-43
008 090401t1996 xxu||||| |||| 00| 0 eng d
035 _a(Sirsi) u8615
041 _aeng
245 _aRadio masts could increase
260 _c1996
350 _a0
490 _aPlanning Week
_v4(3) 18 January 1996, 7(1)
520 _aThe Government`s decision to grant more licences to telephone network operators could prompt a sudden increase in applications for radio masts.
650 _aMOBILE PHONE
650 _aRADIO MASTS
650 _aTELECOMMUNICATIONS
690 _aPLANNING LAW AND PRACTICE
942 _n0
948 _c04/03/1997
999 _c5335
_d5335